| Tag |
First Indicator |
Second Indicator |
Subfields |
| LEADER |
00000cam a2200000 i 4500 |
| 001 |
in00004032613 |
| 005 |
20190422104451.0 |
| 008 |
180315t20182018wau 000 0 eng d |
| 020 |
|
|
|a 9780999652244
|q (hardcover)
|
| 020 |
|
|
|a 0999652249
|q (hardcover)
|
| 035 |
|
|
|a (OCoLC)on1028848346
|
| 040 |
|
|
|a DLC
|e rda
|c DLC
|d UtOrBLW
|
| 043 |
|
|
|a n-us---
|
| 049 |
|
|
|a TXAM
|
| 050 |
0 |
0 |
|a JK526 2016
|b .B87 2018
|
| 082 |
0 |
0 |
|a 324.973/0932
|2 23
|
| 100 |
1 |
|
|a Burson, Charles,
|e photographer.
|0 http://id.loc.gov/authorities/names/n95116302
|
| 245 |
1 |
4 |
|a The ground game :
|b through my lens, the 2016 campaign /
|c Charles Burson.
|
| 264 |
|
1 |
|a Seattle :
|b Lucia/Marquand,
|c [2018]
|
| 264 |
|
4 |
|c ©2018
|
| 300 |
|
|
|a 150 pages :
|b color illustrations ;
|c 26 cm.
|
| 336 |
|
|
|a text
|b txt
|2 rdacontent
|
| 337 |
|
|
|a unmediated
|b n
|2 rdamedia
|
| 338 |
|
|
|a volume
|b nc
|2 rdacarrier
|
| 650 |
|
0 |
|a Presidents
|z United States
|x Election
|y 2016
|v Pictorial works.
|
| 945 |
|
|
|b 856863
|
| 947 |
|
|
|a A14850565608
|
| 948 |
|
|
|a cataloged
|b h
|c 2019/1/28
|d c
|e dmitchel
|f 11:00:00 am
|
| 994 |
|
|
|a 92
|b TXA
|
| 999 |
f |
f |
|s 6d7affcc-ec4d-3a98-9ee4-4783543eecfc
|i 39eb93d3-7037-3406-b628-8b8292072942
|t 0
|
| 952 |
f |
f |
|p normal
|a Texas A&M University
|b College Station
|c Sterling C. Evans Library
|d Evans: Library Stacks
|t 0
|e JK526 2016 .B87 2018
|h Library of Congress classification
|i unmediated -- volume
|m A14850565608
|
| 998 |
f |
f |
|a JK526 2016 .B87 2018
|t 0
|l Evans: Library Stacks
|